| 000 | 00689nam a22002297a 4500 | ||
|---|---|---|---|
| 005 | 20180626123312.0 | ||
| 008 | 180626b xxu||||| |||| 00| 0 eng d | ||
| 010 | _aA-945340 | ||
| 020 |
_a8173912785 _c0.00 |
||
| 035 | _aA-945340 | ||
| 037 | _bBPPD/PUB | ||
| 040 |
_adpl _bEng |
||
| 082 | 0 | 0 | _a791.443 |
| 100 | _aHyde, Stuart | ||
| 245 | 1 | 0 |
_aTelevision and radio announcing / _cby Stuart Hyde |
| 260 |
_aNew Delhi _bKanishka Publishers,Distributors _c1998 |
||
| 270 |
_a4697/5-21A, Ansari Road Daryaganj _bNew Delhi _e110002 |
||
| 300 |
_axxi, 665p. _c25cm (Hb) _bB&W photos |
||
| 500 | _aIncludes index | ||
| 650 | 0 | _926604 | |
| 942 |
_2ddc _cEN _h791.443 _mHYD |
||
| 999 |
_c153097 _d153097 |
||